Celostná kompetentnosť manažérov a ich spôsobilosť na výkon manažérskej funkcie bakalárska práca
Guardado en:
| Autor principal: | |
|---|---|
| Autor Corporativo: | |
| Otros Autores: | |
| Formato: | Libro |
| Lenguaje: | eslovaco |
| Publicado: |
Bratislava
2015
|
| Etiquetas: |
Sin Etiquetas, Sea el primero en etiquetar este registro!
|
MARC
| LEADER | 00000nbm a2200000 4500 | ||
|---|---|---|---|
| 001 | 0202817 | ||
| 005 | 20161212101333.8 | ||
| 041 | 0 | |a slo | |
| 044 | |a SK | ||
| 245 | 1 | 0 | |a Celostná kompetentnosť manažérov a ich spôsobilosť na výkon manažérskej funkcie |b bakalárska práca |c Patrik Duchoň ; školiteľ: Peter Jamnický |
| 264 | 1 | |a Bratislava |c 2015 | |
| 300 | |a 60 s. | ||
| 100 | 1 | |a Duchoň, Patrik | |
| 700 | 1 | |a Jamnický, Peter | |
| 710 | 2 | |a Fakulta podnikového manažmentu EU. Katedra manažmentu | |